[Event "Moscow Open A,B"]
[Site "?"]
[Date "2017.02.01"]
[Round "5.12"]
[White "Gusain, Himal"]
[Black "Volkov, Sergey"]
[Result "0-1"]
[BlackElo "2617"]
[WhiteElo "2453"]
[LiveChessVersion "1.4.8"]

1. e4 {[%clk 1:12:24]} e6 {[%clk 1:30:53]} 2. d4 {[%clk 1:12:48]} d5
{[%clk 1:31:18]} 3. Nc3 {[%clk 1:13:09]} Nf6 {[%clk 1:31:41]} 4. e5
{[%clk 1:13:31]} Nfd7 {[%clk 1:32:06]} 5. f4 {[%clk 1:13:54]} c5 {[%clk 1:32:30]}
6. Nf3 {[%clk 1:14:16]} Nc6 {[%clk 1:32:48]} 7. Be3 {[%clk 1:14:36]} a6
{[%clk 1:33:08]} 8. Qd2 {[%clk 1:14:56]} b5 {[%clk 1:33:31]} 9. dxc5
{[%clk 1:15:18]} Bxc5 {[%clk 1:33:53]} 10. Bd3 {[%clk 1:15:40]} Qb6
{[%clk 1:34:17]} 11. Bf2 {[%clk 1:16:03]} O-O {[%clk 1:34:41]} 12. O-O
{[%clk 1:16:15]} h6 {[%clk 1:35:06]} 13. a3 {[%clk 1:09:22]} Bxf2+
{[%clk 1:35:26]} 14. Qxf2 {[%clk 1:09:46]} Rb8 {[%clk 1:35:52]} 15. b4
{[%clk 1:06:19]} f6 {[%clk 1:32:08]} 16. exf6 {[%clk 1:05:17]} Nxf6
{[%clk 1:32:04]} 17. Qxb6 {[%clk 1:00:34]} Rxb6 {[%clk 1:32:31]} 18. Ne2
{[%clk 0:57:26]} Ng4 {[%clk 1:29:05]} 19. Nfd4 {[%clk 0:57:02]} g5
{[%clk 1:12:56]} 20. g3 {[%clk 0:54:43]} Kg7 {[%clk 1:01:13]} 21. h3
{[%clk 0:52:43]} Ne3 {[%clk 0:58:26]} 22. Rf3 {[%clk 0:52:51]} Nc4
{[%clk 0:57:49]} 23. Bxc4 {[%clk 0:51:15]} dxc4 {[%clk 0:54:28]} 24. fxg5
{[%clk 0:41:03]} hxg5 {[%clk 0:54:50]} 25. Re3 {[%clk 0:41:28]} Ne7
{[%clk 0:51:39]} 26. Re5 {[%clk 0:39:55]} Ng6 {[%clk 0:49:10]} 27. Re3
{[%clk 0:39:50]} e5 {[%clk 0:43:53]} 28. Nf3 {[%clk 0:40:08]} Bxh3
{[%clk 0:40:33]} 29. Nxg5 {[%clk 0:40:06]} Bf5 {[%clk 0:40:53]} 30. Rd1
{[%clk 0:36:10]} Bxc2 {[%clk 0:38:49]} 31. Rd7+ {[%clk 0:36:33]} Kg8
{[%clk 0:38:22]} 32. g4 {[%clk 0:35:47]} Bd3 {[%clk 0:21:34]} 33. Ng3
{[%clk 0:29:07]} Rf4 {[%clk 0:21:02]} 34. Rd8+ {[%clk 0:29:25]} Nf8
{[%clk 0:20:55]} 35. Nh3 {[%clk 0:29:18]} Rxg4 {[%clk 0:18:15]} 36. Rf3
{[%clk 0:29:22]} Kg7 {[%clk 0:18:39]} 37. Kh2 {[%clk 0:25:29]} Nh7
{[%clk 0:17:47]} 38. Nf2 {[%clk 0:21:00]} Rh4+ {[%clk 0:15:55]} 39. Kg2
{[%clk 0:20:00]} Bg6 {[%clk 0:15:45]} 40. Rd7+ {[%clk 0:49:40]} Kh6
{[%clk 0:45:50]} 41. Re7 {[%clk 0:49:58]} Rc6 {[%clk 0:40:14]} 42. Rc3
{[%clk 0:49:38]} Nf6 {[%clk 0:34:09]} 43. Rxe5 {[%clk 0:49:51]} Rd4
{[%clk 0:34:12]} 44. Ne2 {[%clk 0:41:10]} Rd2 {[%clk 0:32:42]} 45. Rh3+
{[%clk 0:40:23]} Kg7 {[%clk 0:32:37]} 46. Rg3 {[%clk 0:39:01]} Kf7
{[%clk 0:32:06]} 47. Nc3 {[%clk 0:38:30]} Nd7 {[%clk 0:30:47]} 48. Rf3+
{[%clk 0:36:26]} Rf6 {[%clk 0:30:30]} 49. Rd5 {[%clk 0:36:50]} Rxf3
{[%clk 0:26:15]} 50. Kxf3 {[%clk 0:37:04]} Rc2 {[%clk 0:26:28]} 51. Nfd1
{[%clk 0:29:52]} Ke6 {[%clk 0:22:29]} 52. Rg5 {[%clk 0:30:19]} Ne5+
{[%clk 0:21:12]} 53. Kf4 {[%clk 0:30:10]} Nd3+ {[%clk 0:21:14]} 54. Ke3
{[%clk 0:30:36]} Bf5 {[%clk 0:20:42]} 55. Rh5 {[%clk 0:30:33]} Ke5
{[%clk 0:12:27]} 56. Nd5 {[%clk 0:27:38]} Kxd5 {[%clk 0:10:09]} 57. Rxf5+
{[%clk 0:27:55]} Ke6 {[%clk 0:10:08]} 58. Rh5 {[%clk 0:27:51]} Ra2
{[%clk 0:07:16]} 59. Rh6+ {[%clk 0:28:00]} Ke5 {[%clk 0:07:05]} 60. Rxa6
{[%clk 0:22:48]} Nxb4 {[%clk 0:06:28]} 61. Ra5 {[%clk 0:20:53]} Nd5+
{[%clk 0:04:51]} 62. Kf3 {[%clk 0:20:51]} Rd2 {[%clk 0:05:04]} 63. Nf2
{[%clk 0:20:50]} Rb2 {[%clk 0:05:22]} 64. Nd1 {[%clk 0:20:48]} Rb3+
{[%clk 0:05:42]} 65. Ke2 {[%clk 0:21:14]} Kd4 {[%clk 0:05:58]} 66. Kd2
{[%clk 0:21:27]} Nb6 {[%clk 0:04:57]} 67. Kc2 {[%clk 0:16:20]} Na4
{[%clk 0:04:54]} 68. Kc1 {[%clk 0:15:16]} Kc5 {[%clk 0:04:53]} 69. Nf2
{[%clk 0:15:29]} Rc3+ {[%clk 0:03:25]} 70. Kd2 {[%clk 0:15:20]} Rxa3
{[%clk 0:03:42]} 71. Ne4+ {[%clk 0:15:41]} Kb4 {[%clk 0:03:53]} 72. Ra7
{[%clk 0:16:03]} Nc5 {[%clk 0:02:57]} 0-1

[Event "Moscow Open A,B"]
[Site "?"]
[Date "2017.02.01"]
[Round "5.13"]
[White "Vavulin, Maksim"]
[Black "Lugovskoy, Maxim"]
[Result "1/2-1/2"]
[BlackElo "2425"]
[WhiteElo "2604"]
[LiveChessVersion "1.4.8"]

1. e4 e6 {[%clk 1:25:04]} 2. d4 {[%clk 1:30:56]} d5 {[%clk 1:25:30]} 3. Bd3
{[%clk 1:30:59]} dxe4 {[%clk 1:20:45]} 4. Bxe4 {[%clk 1:31:24]} Nf6
{[%clk 1:21:08]} 5. Bf3 {[%clk 1:31:46]} c5 {[%clk 1:20:45]} 6. Ne2
{[%clk 1:32:06]} Nc6 {[%clk 1:20:35]} 7. Be3 {[%clk 1:30:49]} cxd4
{[%clk 1:15:42]} 8. Nxd4 {[%clk 1:31:23]} Ne5 {[%clk 1:14:32]} 9. Nc3
{[%clk 1:28:08]} Bb4 {[%clk 1:09:32]} 10. Ndb5 {[%clk 1:26:04]} Bd7
{[%clk 1:04:38]} 11. a3 {[%clk 1:16:32]} Bxc3+ {[%clk 0:56:21]} 12. Nxc3
{[%clk 1:16:56]} Nxf3+ {[%clk 0:55:23]} 13. Qxf3 {[%clk 1:17:18]} Qc7
{[%clk 0:54:44]} 14. Qg3 {[%clk 1:09:45]} Qxg3 {[%clk 0:53:31]} 15. hxg3
{[%clk 1:10:13]} Bc6 {[%clk 0:53:23]} 16. f3 {[%clk 1:10:33]} Nd5
{[%clk 0:52:38]} 17. Nxd5 {[%clk 1:10:35]} exd5 {[%clk 0:50:42]} 18. a4
{[%clk 0:52:29]} O-O {[%clk 0:49:48]} 19. b3 {[%clk 0:50:49]} a6 {[%clk 0:50:01]}
20. Kd2 {[%clk 0:45:18]} Rfe8 {[%clk 0:50:12]} 21. Bd4 {[%clk 0:42:11]} Re6
{[%clk 0:48:56]} 22. Rae1 {[%clk 0:42:17]} Rxe1 {[%clk 0:47:47]} 23. Rxe1
{[%clk 0:35:15]} Re8 {[%clk 0:47:54]} 24. Rh1 {[%clk 0:33:26]} Re6
{[%clk 0:44:02]} 25. g4 {[%clk 0:33:25]} Rh6 {[%clk 0:43:59]} 26. Rxh6
{[%clk 0:26:13]} gxh6 {[%clk 0:44:11]} 27. Ke3 {[%clk 0:26:30]} Kf8
{[%clk 0:25:11]} 28. Bf6 {[%clk 0:26:53]} Ke8 {[%clk 0:16:17]} 29. Kd4
{[%clk 0:27:04]} Kd7 {[%clk 0:16:30]} 30. Ke5 {[%clk 0:27:17]} a5
{[%clk 0:08:01]} 31. Bg7 {[%clk 0:18:53]} b5 {[%clk 0:03:10]} 32. axb5
{[%clk 0:19:11]} Bxb5 {[%clk 0:03:39]} 33. Kxd5 {[%clk 0:19:06]} Bf1
{[%clk 0:02:08]} 34. Bc3 {[%clk 0:18:06]} Bxg2 {[%clk 0:02:12]} 35. Ke4
{[%clk 0:18:31]} a4 {[%clk 0:02:30]} 36. bxa4 {[%clk 0:18:51]} Kc6
{[%clk 0:02:56]} 37. Bd4 {[%clk 0:09:01]} Bf1 {[%clk 0:03:20]} 38. Ke3
{[%clk 0:09:07]} Bc4 {[%clk 0:02:29]} 39. f4 {[%clk 0:37:33]} Be6
{[%clk 0:30:47]} 40. f5 {[%clk 0:36:25]} Bd7 {[%clk 0:29:47]} 41. Ke4
{[%clk 0:27:53]} Kb7 {[%clk 0:28:56]} 42. a5 {[%clk 0:27:41]} Ka6
{[%clk 0:29:20]} 43. Bb6 {[%clk 0:21:39]} Bb5 {[%clk 0:29:09]} 44. Ke3
{[%clk 0:14:42]} Bc4 {[%clk 0:27:03]} 45. Kf3 {[%clk 0:13:00]} Bb5
{[%clk 0:24:29]} 46. Kg3 {[%clk 0:12:55]} Be2 {[%clk 0:23:51]} 47. Kh4
{[%clk 0:13:02]} Kb7 {[%clk 0:22:28]} 48. Kh5 {[%clk 0:05:11]} Ka6
{[%clk 0:22:29]} 49. c3 {[%clk 0:05:02]} Kb5 {[%clk 0:21:04]} 50. f6
{[%clk 0:04:26]} Ka6 {[%clk 0:19:51]} 51. Kxh6 {[%clk 0:03:28]} Bxg4
{[%clk 0:20:16]} 52. Kxh7 {[%clk 0:03:51]} Be6 {[%clk 0:20:42]} 53. Kg7
{[%clk 0:04:11]} Kb5 {[%clk 0:19:58]} 54. Kf8 {[%clk 0:04:32]} Ka6
{[%clk 0:20:15]} 55. Ke7 {[%clk 0:04:50]} Kb5 {[%clk 0:20:36]} 56. Kd6
{[%clk 0:04:52]} Bc4 {[%clk 0:19:17]} 57. Kc7 {[%clk 0:02:17]} Bd5
{[%clk 0:19:39]} 58. Kd7 {[%clk 0:01:46]} Be6+ {[%clk 0:19:47]} 59. Kd6
{[%clk 0:01:17]} Bc4 {[%clk 0:20:09]} 60. Ke5 {[%clk 0:00:53]} Be2
{[%clk 0:20:16]} 61. Kd4 {[%clk 0:00:46]} Bf1 {[%clk 0:20:28]} 62. Bd8
{[%clk 0:00:44]} Be2 {[%clk 0:20:49]} 63. Kd5 {[%clk 0:00:36]} Bc4+
{[%clk 0:20:53]} 64. Kd6 {[%clk 0:01:01]} Be6 {[%clk 0:20:54]} 65. Bb6
{[%clk 0:00:46]} 1/2-1/2

[Event "Moscow Open A,B"]
[Site "?"]
[Date "2017.02.01"]
[Round "5.14"]
[White "Timofeev, Artyom"]
[Black "Tologontegin, Semetey"]
[Result "1/2-1/2"]
[BlackElo "2419"]
[WhiteElo "2579"]
[LiveChessVersion "1.4.8"]

1. e4 {[%clk 1:30:57]} c5 {[%clk 1:30:17]} 2. Nf3 {[%clk 1:31:17]} d6
{[%clk 1:30:40]} 3. Bc4 {[%clk 1:30:44]} Nf6 {[%clk 1:30:41]} 4. d3
{[%clk 1:31:04]} Nc6 {[%clk 1:30:16]} 5. O-O {[%clk 1:30:28]} g6 {[%clk 1:30:14]}
6. Nc3 {[%clk 1:30:24]} Bg7 {[%clk 1:30:31]} 7. h3 {[%clk 1:30:38]} O-O
{[%clk 1:30:29]} 8. a3 {[%clk 1:30:58]} a6 {[%clk 1:29:52]} 9. Re1
{[%clk 1:31:07]} b5 {[%clk 1:20:41]} 10. Ba2 {[%clk 1:31:26]} Bb7
{[%clk 1:20:57]} 11. Be3 {[%clk 1:29:13]} h6 {[%clk 1:12:19]} 12. Qd2
{[%clk 1:28:33]} Kh7 {[%clk 1:12:41]} 13. Ne2 {[%clk 1:27:43]} a5
{[%clk 1:03:17]} 14. Ng3 {[%clk 1:23:59]} b4 {[%clk 1:01:47]} 15. c3
{[%clk 1:22:56]} Qb6 {[%clk 0:57:26]} 16. d4 {[%clk 1:21:39]} b3 {[%clk 0:56:17]}
17. Bb1 {[%clk 1:21:02]} Nd7 {[%clk 0:56:22]} 18. h4 {[%clk 1:18:52]} Rad8
{[%clk 0:56:05]} 19. h5 {[%clk 1:17:34]} e5 {[%clk 0:56:10]} 20. d5
{[%clk 1:16:51]} Ne7 {[%clk 0:55:09]} 21. a4 {[%clk 1:10:03]} Qa6
{[%clk 0:39:48]} 22. c4 {[%clk 1:09:39]} Qxc4 {[%clk 0:39:42]} 23. Bd3
{[%clk 1:10:02]} Qb4 {[%clk 0:40:06]} 24. Bb5 {[%clk 1:10:11]} Nf6
{[%clk 0:18:24]} 25. Qd3 {[%clk 1:05:05]} Nexd5 {[%clk 0:16:27]} 26. Bd2
{[%clk 0:59:43]} c4 {[%clk 0:15:48]} 27. Qxc4 {[%clk 0:58:17]} Qxc4
{[%clk 0:15:52]} 28. Bxc4 {[%clk 0:58:42]} Nb4 {[%clk 0:15:30]} 29. hxg6+
{[%clk 0:53:48]} fxg6 {[%clk 0:15:43]} 30. Bxb3 {[%clk 0:54:13]} Nd7
{[%clk 0:14:53]} 31. Bxb4 {[%clk 0:47:20]} axb4 {[%clk 0:15:18]} 32. Bc4
{[%clk 0:47:46]} Nc5 {[%clk 0:14:36]} 33. a5 {[%clk 0:47:49]} Ra8
{[%clk 0:14:31]} 34. Nd2 {[%clk 0:46:49]} Ra7 {[%clk 0:14:36]} 35. Red1
{[%clk 0:42:20]} Rfa8 {[%clk 0:10:51]} 36. Nb3 {[%clk 0:42:33]} Nxb3
{[%clk 0:06:07]} 37. Bxb3 {[%clk 0:42:58]} Rxa5 {[%clk 0:05:47]} 38. Rxa5
{[%clk 0:43:21]} Rxa5 {[%clk 0:06:13]} 39. Rxd6 {[%clk 0:43:45]} Ra6
{[%clk 0:05:31]} 40. Rd7 {[%clk 1:09:54]} 1/2-1/2

[Event "Moscow Open A,B"]
[Site "?"]
[Date "2017.02.02"]
[Round "6.1"]
[White "Grachev, Boris"]
[Black "Gordievsky, Dmitry"]
[Result "1/2-1/2"]
[BlackElo "2562"]
[WhiteElo "2650"]
[LiveChessVersion "1.4.8"]

1. Nf3 {[%clk 1:29:55]} Nf6 {[%clk 1:30:38]} 2. c4 {[%clk 1:29:55]} g6
{[%clk 1:30:58]} 3. Nc3 {[%clk 1:29:06]} Bg7 {[%clk 1:26:04]} 4. d4
{[%clk 1:27:45]} O-O {[%clk 1:18:31]} 5. g3 {[%clk 1:21:31]} d5 {[%clk 1:18:54]}
6. cxd5 {[%clk 1:21:47]} Nxd5 {[%clk 1:19:19]} 7. Bg2 {[%clk 1:22:13]} Nc6
{[%clk 1:14:58]} 8. O-O {[%clk 1:22:08]} e5 {[%clk 1:15:17]} 9. Nxd5
{[%clk 1:00:32]} e4 {[%clk 1:15:36]} 10. Ne5 {[%clk 1:00:30]} Qxd5
{[%clk 1:15:58]} 11. Nxc6 {[%clk 1:00:55]} Qxc6 {[%clk 1:16:23]} 12. Be3
{[%clk 0:57:09]} Bg4 {[%clk 1:05:17]} 13. h3 {[%clk 0:39:24]} Be6
{[%clk 1:03:48]} 14. Rc1 {[%clk 0:39:02]} Qd7 {[%clk 0:55:32]} 15. Bxe4
{[%clk 0:37:48]} Bxh3 {[%clk 0:49:33]} 16. Bxb7 {[%clk 0:34:49]} Rad8
{[%clk 0:41:09]} 17. Bg2 {[%clk 0:30:05]} Bxg2 {[%clk 0:41:07]} 18. Kxg2
{[%clk 0:30:31]} Qd5+ {[%clk 0:41:23]} 19. Kg1 {[%clk 0:30:36]} Qxa2
{[%clk 0:41:27]} 20. Rxc7 {[%clk 0:28:59]} Qxb2 {[%clk 0:41:34]} 21. Rxa7
{[%clk 0:26:03]} Bxd4 {[%clk 0:41:53]} 22. Bxd4 {[%clk 0:26:28]} Qxd4
{[%clk 0:41:58]} 23. Qxd4 {[%clk 0:26:53]} Rxd4 {[%clk 0:42:23]} 24. e3
{[%clk 0:27:19]} Rd6 {[%clk 0:42:46]} 25. Rfa1 {[%clk 0:27:41]} Rfd8
{[%clk 0:43:08]} 26. Ra8 {[%clk 0:28:06]} Rxa8 {[%clk 0:43:32]} 27. Rxa8+
{[%clk 0:28:32]} Kg7 {[%clk 0:43:58]} 28. Kg2 {[%clk 0:28:58]} Re6
{[%clk 0:44:24]} 29. Ra4 {[%clk 0:29:18]} Rd6 {[%clk 0:44:50]} 30. Rb4
{[%clk 0:29:42]} Re6 {[%clk 0:45:17]} 31. Ra4 {[%clk 0:30:06]} Rd6
{[%clk 0:45:45]} 32. Rb4 {[%clk 0:30:29]} Re6 {[%clk 0:46:12]} 33. Ra4
{[%clk 0:30:56]} Rd6 {[%clk 0:46:38]} 1/2-1/2

[Event "Moscow Open A,B"]
[Site "?"]
[Date "2017.02.02"]
[Round "6.3"]
[White "Rozum, Ivan"]
[Black "Kokarev, Dmitry"]
[Result "1/2-1/2"]
[BlackElo "2651"]
[WhiteElo "2601"]
[LiveChessVersion "1.4.8"]

1. Nf3 {[%clk 1:29:01]} Nf6 {[%clk 1:30:45]} 2. g3 {[%clk 1:29:26]} g6
{[%clk 1:31:08]} 3. b3 {[%clk 1:29:52]} Bg7 {[%clk 1:31:21]} 4. Bb2
{[%clk 1:30:17]} O-O {[%clk 1:26:59]} 5. Bg2 {[%clk 1:29:28]} c5 {[%clk 1:27:05]}
6. c4 {[%clk 1:29:46]} Nc6 {[%clk 1:26:51]} 7. O-O {[%clk 1:29:58]} d6
{[%clk 1:25:09]} 8. d4 {[%clk 1:30:18]} cxd4 {[%clk 1:24:05]} 9. Nxd4
{[%clk 1:30:37]} Bd7 {[%clk 1:24:07]} 10. Nc3 {[%clk 1:27:13]} Qa5
{[%clk 1:21:29]} 11. e4 {[%clk 1:20:02]} Nxd4 {[%clk 1:17:25]} 12. Qxd4
{[%clk 1:18:01]} Bc6 {[%clk 1:17:46]} 13. Qd3 {[%clk 1:14:33]} Nd7
{[%clk 1:16:16]} 14. Qc2 {[%clk 1:13:07]} Rac8 {[%clk 1:07:20]} 15. Nd5
{[%clk 1:05:02]} Bxd5 {[%clk 1:06:30]} 16. exd5 {[%clk 1:05:18]} Bxb2
{[%clk 1:02:11]} 17. Qxb2 {[%clk 1:05:43]} b5 {[%clk 0:56:53]} 18. Bh3
{[%clk 0:53:19]} Rc7 {[%clk 0:56:00]} 19. b4 {[%clk 0:46:06]} Qa4
{[%clk 0:53:03]} 20. Bxd7 {[%clk 0:42:28]} Rxd7 {[%clk 0:53:07]} 21. Rfc1
{[%clk 0:42:06]} Rc8 {[%clk 0:49:58]} 22. cxb5 {[%clk 0:40:54]} Rdc7
{[%clk 0:50:06]} 23. Rxc7 {[%clk 0:36:27]} Rxc7 {[%clk 0:50:22]} 24. Rc1
{[%clk 0:36:30]} Rxc1+ {[%clk 0:49:38]} 25. Qxc1 {[%clk 0:36:57]} Qxa2
{[%clk 0:48:01]} 26. Qc8+ {[%clk 0:37:06]} Kg7 {[%clk 0:48:22]} 27. Qc3+
{[%clk 0:37:26]} Kg8 {[%clk 0:48:40]} 28. Qc8+ {[%clk 0:37:24]} Kg7
{[%clk 0:49:02]} 29. Qc3+ {[%clk 0:37:46]} Kg8 {[%clk 0:46:54]} 1/2-1/2

[Event "Moscow Open A,B"]
[Site "?"]
[Date "2017.02.02"]
[Round "6.4"]
[White "Volkov, Sergey"]
[Black "Tran, Tuan Minh"]
[Result "1/2-1/2"]
[BlackElo "2478"]
[WhiteElo "2617"]
[LiveChessVersion "1.4.8"]

1. d4 {[%clk 1:30:53]} Nf6 {[%clk 1:28:51]} 2. c4 {[%clk 1:31:15]} e6
{[%clk 1:29:17]} 3. Nf3 {[%clk 1:31:33]} b6 {[%clk 1:29:39]} 4. g3
{[%clk 1:31:56]} Bb7 {[%clk 1:29:47]} 5. Bg2 {[%clk 1:32:19]} Be7
{[%clk 1:29:44]} 6. O-O {[%clk 1:32:38]} O-O {[%clk 1:30:07]} 7. Re1
{[%clk 1:32:54]} Qc8 {[%clk 1:28:39]} 8. Nc3 {[%clk 1:30:54]} Bb4
{[%clk 1:27:37]} 9. Qc2 {[%clk 1:25:55]} Bxc3 {[%clk 1:25:29]} 10. Qxc3
{[%clk 1:25:57]} d6 {[%clk 1:25:51]} 11. b4 {[%clk 1:19:19]} Nbd7
{[%clk 1:18:38]} 12. Bb2 {[%clk 1:17:29]} a5 {[%clk 1:07:11]} 13. a3
{[%clk 1:16:18]} axb4 {[%clk 0:51:26]} 14. axb4 {[%clk 1:15:18]} b5
{[%clk 0:38:44]} 15. cxb5 {[%clk 1:09:50]} Rxa1 {[%clk 0:38:23]} 16. Rxa1
{[%clk 1:09:51]} Qb8 {[%clk 0:38:50]} 17. Ra5 {[%clk 1:07:43]} Rc8
{[%clk 0:35:28]} 18. Nd2 {[%clk 0:57:12]} Bxg2 {[%clk 0:24:37]} 19. Kxg2
{[%clk 0:57:26]} Nd5 {[%clk 0:15:39]} 20. Qb3 {[%clk 0:50:50]} Qb7
{[%clk 0:15:15]} 21. e4 {[%clk 0:44:01]} Ne7 {[%clk 0:15:34]} 22. Qd3
{[%clk 0:40:24]} Rb8 {[%clk 0:15:04]} 23. Bc3 {[%clk 0:38:13]} Nc8
{[%clk 0:11:32]} 24. Nb1 {[%clk 0:35:51]} f5 {[%clk 0:10:33]} 25. f3
{[%clk 0:35:16]} fxe4 {[%clk 0:10:44]} 26. Qxe4 {[%clk 0:31:12]} Qxe4
{[%clk 0:11:10]} 27. fxe4 {[%clk 0:31:36]} Ndb6 {[%clk 0:08:08]} 28. Na3
{[%clk 0:29:53]} d5 {[%clk 0:06:40]} 29. e5 {[%clk 0:28:43]} Kf7 {[%clk 0:06:43]}
30. Kf3 {[%clk 0:28:55]} Ke7 {[%clk 0:06:39]} 31. Ke2 {[%clk 0:29:08]} Nc4
{[%clk 0:04:19]} 32. Ra6 {[%clk 0:25:18]} Nxa3 {[%clk 0:03:48]} 33. Rxa3
{[%clk 0:25:45]} Rxb5 {[%clk 0:02:43]} 34. Ra8 {[%clk 0:22:58]} Kd7
{[%clk 0:03:07]} 35. Kd3 {[%clk 0:21:29]} Rb7 {[%clk 0:03:07]} 36. Ra2
{[%clk 0:21:53]} Na7 {[%clk 0:03:00]} 37. Kc2 {[%clk 0:17:58]} Nc6
{[%clk 0:02:08]} 38. Kb3 {[%clk 0:17:53]} Rb8 {[%clk 0:02:31]} 39. Ra6
{[%clk 0:13:51]} Ne7 {[%clk 0:01:36]} 40. Ra2 {[%clk 0:42:32]} h5
{[%clk 0:31:30]} 41. Rf2 {[%clk 0:38:36]} Nf5 {[%clk 0:29:34]} 42. h3
{[%clk 0:38:58]} Ke7 {[%clk 0:29:32]} 43. g4 {[%clk 0:39:19]} hxg4
{[%clk 0:29:15]} 44. hxg4 {[%clk 0:39:44]} Ng3 {[%clk 0:29:42]} 45. Rc2
{[%clk 0:31:37]} Ne4 {[%clk 0:29:34]} 46. Be1 {[%clk 0:28:13]} Kd7
{[%clk 0:29:57]} 47. Rh2 {[%clk 0:28:31]} Ke7 {[%clk 0:25:30]} 48. Rc2
{[%clk 0:28:56]} Kd7 {[%clk 0:16:22]} 49. Rh2 {[%clk 0:29:23]} Kc6
{[%clk 0:16:02]} 50. Rc2+ {[%clk 0:29:15]} Kb6 {[%clk 0:12:29]} 51. b5
{[%clk 0:29:28]} Ra8 {[%clk 0:11:51]} 52. Kb4 {[%clk 0:22:11]} Ra1
{[%clk 0:11:53]} 53. Rc6+ {[%clk 0:22:38]} Kb7 {[%clk 0:12:21]} 54. Bc3
{[%clk 0:23:02]} Rb1+ {[%clk 0:08:41]} 55. Ka4 {[%clk 0:22:50]} Nxc3+
{[%clk 0:03:36]} 56. Rxc3 {[%clk 0:23:16]} Rd1 {[%clk 0:02:58]} 57. Rc6
{[%clk 0:23:26]} Rxd4+ {[%clk 0:03:25]} 58. Ka5 {[%clk 0:23:43]} Rxg4
{[%clk 0:03:07]} 59. Rxe6 {[%clk 0:24:07]} d4 {[%clk 0:01:50]} 60. Re7
{[%clk 0:22:25]} d3 {[%clk 0:00:58]} 61. b6 {[%clk 0:15:51]} Rc4 {[%clk 0:00:58]}
62. Rxg7 {[%clk 0:15:17]} Rc5+ {[%clk 0:00:33]} 63. Kb4 {[%clk 0:15:40]} Kxb6
{[%clk 0:00:39]} 64. Rd7 {[%clk 0:15:51]} Rxe5 {[%clk 0:00:54]} 65. Rxd3
{[%clk 0:16:16]} 1/2-1/2

[Event "Moscow Open A,B"]
[Site "?"]
[Date "2017.02.02"]
[Round "6.5"]
[White "Predke, Alexandr"]
[Black "Khegay, Dmitriy"]
[Result "1-0"]
[BlackElo "2478"]
[WhiteElo "2573"]
[LiveChessVersion "1.4.8"]

1. e4 {[%clk 1:30:59]} g6 {[%clk 1:30:55]} 2. d4 {[%clk 1:31:10]} d6
{[%clk 1:31:19]} 3. Nc3 {[%clk 1:31:27]} Bg7 {[%clk 1:31:44]} 4. f4
{[%clk 1:31:20]} Nf6 {[%clk 1:32:08]} 5. Bd3 {[%clk 1:31:29]} O-O
{[%clk 1:32:28]} 6. Nf3 {[%clk 1:31:42]} Na6 {[%clk 1:32:53]} 7. O-O
{[%clk 1:28:44]} c5 {[%clk 1:33:17]} 8. d5 {[%clk 1:28:47]} Bg4 {[%clk 1:33:38]}
9. Kh1 {[%clk 1:23:08]} Nd7 {[%clk 1:34:01]} 10. Bd2 {[%clk 1:14:04]} Rc8
{[%clk 1:15:13]} 11. h3 {[%clk 0:54:05]} Bxf3 {[%clk 1:15:37]} 12. Rxf3
{[%clk 0:54:22]} c4 {[%clk 1:15:56]} 13. Bf1 {[%clk 0:54:47]} Re8
{[%clk 0:45:46]} 14. Qe1 {[%clk 0:54:06]} e6 {[%clk 0:45:08]} 15. dxe6
{[%clk 0:50:47]} Rxe6 {[%clk 0:45:32]} 16. f5 {[%clk 0:50:10]} Re8
{[%clk 0:44:03]} 17. Qg3 {[%clk 0:40:59]} Ne5 {[%clk 0:40:11]} 18. Rf2
{[%clk 0:39:48]} Nc5 {[%clk 0:28:19]} 19. Bg5 {[%clk 0:33:26]} Qb6
{[%clk 0:28:43]} 20. f6 {[%clk 0:19:38]} Bf8 {[%clk 0:28:06]} 21. Re1
{[%clk 0:18:07]} Qxb2 {[%clk 0:27:11]} 22. Bc1 {[%clk 0:16:35]} Qb6
{[%clk 0:23:46]} 23. Qh4 {[%clk 0:15:59]} Re6 {[%clk 0:19:50]} 24. Nd5
{[%clk 0:09:47]} Qd8 {[%clk 0:20:13]} 25. Bg5 {[%clk 0:10:13]} Ncd7
{[%clk 0:19:41]} 26. Rf4 {[%clk 0:08:57]} Rc5 {[%clk 0:15:26]} 27. Be2
{[%clk 0:09:02]} Qe8 {[%clk 0:11:42]} 28. Ref1 {[%clk 0:09:02]} Rc8
{[%clk 0:05:43]} 29. Bg4 {[%clk 0:06:43]} Nxg4 {[%clk 0:03:37]} 30. hxg4
{[%clk 0:07:11]} Rc5 {[%clk 0:01:09]} 31. R1f3 {[%clk 0:05:49]} Rxd5
{[%clk 0:01:33]} 32. exd5 {[%clk 0:05:11]} Re1+ {[%clk 0:01:59]} 33. Rf1
{[%clk 0:01:44]} Rxf1+ {[%clk 0:02:24]} 34. Rxf1 {[%clk 0:02:12]} Ne5
{[%clk 0:02:42]} 35. Re1 {[%clk 0:01:28]} Qd7 {[%clk 0:02:42]} 36. Bh6
{[%clk 0:00:34]} Nxg4 {[%clk 0:02:44]} 37. Bxf8 {[%clk 0:00:36]} Kxf8
{[%clk 0:03:09]} 38. Qxh7 {[%clk 0:00:34]} Nxf6 {[%clk 0:03:34]} 39. Qh8+
{[%clk 0:00:38]} Ng8 {[%clk 0:03:59]} 40. Qd4 {[%clk 0:30:33]} b5
{[%clk 0:33:28]} 41. a4 {[%clk 0:29:02]} a6 {[%clk 0:27:14]} 42. Kg1
{[%clk 0:27:08]} Qf5 {[%clk 0:24:58]} 43. axb5 {[%clk 0:25:11]} axb5
{[%clk 0:25:23]} 44. Ra1 {[%clk 0:25:34]} Qc8 {[%clk 0:15:52]} 45. Qb6
{[%clk 0:22:48]} Kg7 {[%clk 0:13:50]} 46. Qxd6 {[%clk 0:22:30]} Qe8
{[%clk 0:08:10]} 47. Qf4 {[%clk 0:20:14]} Nf6 {[%clk 0:05:57]} 48. Rf1
{[%clk 0:17:09]} Nd7 {[%clk 0:06:20]} 49. d6 {[%clk 0:15:41]} Qe6
{[%clk 0:05:48]} 50. Qd4+ {[%clk 0:16:03]} f6 {[%clk 0:05:51]} 51. c3
{[%clk 0:13:25]} Qe5 {[%clk 0:02:36]} 52. Qxe5 {[%clk 0:10:14]} Nxe5
{[%clk 0:03:00]} 53. Rd1 {[%clk 0:10:39]} Nd7 {[%clk 0:03:26]} 54. Re1
{[%clk 0:11:03]} Kf8 {[%clk 0:03:41]} 55. Re7 {[%clk 0:08:08]} Ne5
{[%clk 0:04:04]} 56. Kf1 {[%clk 0:06:39]} Nc6 {[%clk 0:04:27]} 57. Rc7
{[%clk 0:06:26]} Ne5 {[%clk 0:04:52]} 58. Ke2 {[%clk 0:06:38]} Ke8
{[%clk 0:05:17]} 59. Ke3 {[%clk 0:06:45]} Nd3 {[%clk 0:05:01]} 60. Kd4
{[%clk 0:06:05]} Kd8 {[%clk 0:05:21]} 61. Rb7 {[%clk 0:04:40]} Nf4
{[%clk 0:05:15]} 62. g3 {[%clk 0:04:53]} Ne2+ {[%clk 0:05:13]} 63. Kd5
{[%clk 0:05:11]} 1-0

[Event "Moscow Open A,B"]
[Site "?"]
[Date "2017.02.02"]
[Round "6.6"]
[White "Sychev, Klementy"]
[Black "Paravyan, David"]
[Result "1/2-1/2"]
[BlackElo "2540"]
[WhiteElo "2449"]
[LiveChessVersion "1.4.8"]

1. d4 d5 2. c4 c6 3. Nf3 Nf6 4. e3 Bf5 5. Nc3 a6 6. Be2 h6 7. Bd3 Bxd3 8. Qxd3 e6
9. O-O Bb4 10. Bd2 O-O 11. Rfd1 Ba5 12. a4 Re8 13. b4 Bxb4 14. Nxd5 cxd5 15. Bxb4
Nc6 16. Be1 dxc4 17. Qxc4 Qd5 18. Qxd5 Nxd5 19. Rab1 Rab8 20. e4 Nf6 21. d5 exd5
22. exd5 Ne5 23. Nxe5 Rxe5 24. d6 Rd8 25. Bc3 Rc5 26. Bxf6 gxf6 27. g3 Rc6 28.
Rxb7 Rcxd6 29. Rxd6 Rxd6 30. Rb4 Rd1+ 31. Kg2 Ra1 32. Kf3 Kg7 33. Kf4 Ra2 34. f3
a5 35. Rd4 Rxh2 36. Rd5 h5 37. Rxa5 h4 38. gxh4 Rxh4+ 39. Kg3 Rb4 40. Ra7 Kg6
1/2-1/2